000 01337aam a2200397 c 4500
001 vtls000739558
003 PNM
005 20200719163925.0
008 160506t20142013my a j 000 0 may
015 _aM14-08920
020 _a9789674305567
_qset
020 _a9789674305451
_qpaperback
039 9 _a201605062355
_bVLOAD
_c201410281248
_dhabirah
_c201410281241
_dhabirah
_c201410281222
_dhabirah
040 _aBNM
_beng
_cBNM
_erda
_dPPAK
041 1 _amay
_heng
049 _amal
082 0 4 _a641.3078
_223
090 0 0 _a641.3078
_bUJI
_dK
240 0 0 _aExperiments with Food.
_lEnglish
245 0 0 _aUJI KAJI dengan MAKANAN /
_cPenterjemah Nur Ain Hafiza Mat Jusoh
246 3 _iTranslation of:
_aExperiments with food.
264 1 _aKuala Lumpur :
_bInstitut Terjemahan & Buku Malaysia,
_c2014
264 4 _c©2013
300 _a26 pages :
_bcolour illustrations, colour photographs ;
_c28 cm.
336 _atext
_2rdacontent
337 _aunmediated
_2rdamedia
338 _avolume
_2rdacarrier
490 1 _aSIRI UJI KAJI ITBM
650 1 0 _aFood
_xExperiments
_vJuvenile literature
700 0 _aNur Ain Hafiza Mat Jusoh,
_etranslator.
765 0 _tExperiments with food.
_dNew Delhi : Sterling Publishers, 2013
830 0 _aSIRI UJI KAJI ITBM
942 _2ddc
_cB
949 _62000220699
949 _62000220700
999 _c178305
_d178305